Vajda János szerelmi költészete

Elmentve itt :
Bibliográfiai részletek
Szerző: Wéber Károlyné
További közreműködők: Elekes Mihály (Témavezető)
Dokumentumtípus: Szakdolgozat
Megjelent: 1970
Tárgyszavak:
Online Access:http://diploma.bibl.u-szeged.hu/91713
LEADER 00581nta a2200169 i 4500
001 dipl91713
005 20200706071940.0
008 200702s1970 hu om 0|| zxx d
040 |a SZTE Diploma Repozitórium  |b hun 
041 |a zxx 
100 1 |a Wéber Károlyné 
245 1 0 |a Vajda János szerelmi költészete  |h [elektronikus dokumentum] /  |c Károlyné Wéber 
260 |c 1970 
650 4 |a Bölcsészettudományok 
650 4 |a Languages and Literature 
700 1 |a Elekes Mihály  |e ths 
856 4 0 |u http://diploma.bibl.u-szeged.hu/id/eprint/91713/1/1970_weber_karolyne.pdf  |z Dokumentum-elérés